[Event "Madrid-chT 2021"]
[Site "Madrid"]
[Date "2021.04.11"]
[Round "7.5"]
[White "Garcia Dorado, Alberto"]
[Black "Gonzalez Tedin, Antonio"]
[Result "1-0"]
[WhiteElo "2227"]
[BlackElo "2115"]
[PlyCount "83"]
[EventDate "2021.01.23"]
[EventType "team-tourn"]
[EventRounds "14"]
[EventCountry "ESP"]
[SourceTitle "EXT 2022"]
[Source "ChessBase"]
[SourceDate "2021.10.06"]
[SourceVersion "1"]
[SourceVersionDate "2021.10.06"]
[SourceQuality "1"]
[WhiteTeam "Collado Villalba"]
[BlackTeam "San Sebastian de los Reyes"]
[WhiteTeamCountry "ESP"]
[BlackTeamCountry "ESP"]

1. d4 Nf6 2. c4 c5 3. Nf3 g6 4. g3 cxd4 5. Nxd4 Nc6 6. Bg2 Bg7 7. 0-0 0-0 8. Nc3 Nxd4 9. Qxd4 d6 10. Qd3 Bf5 11. e4 Be6 12. Bd2 Nd7 13. b3 Nc5 14. Qe2 a5 15. Rac1 Qb6 16. Rb1 Rfc8 17. Rfc1 Qd8 18. Nd5 Bd7 19. Bg5 f6 20. Be3 e6 21. Nc3 Bc6 22. Rd1 Qe7 23. Qd2 Rd8 24. Bf4 Bf8 25. a3 b6 26. Qc2 Ra7 27. Rd2 f5 28. Rbd1 Rad7 29. exf5 Bxg2 30. Kxg2 gxf5 31. b4 axb4 32. axb4 Na6 33. Qa4 Ra7 34. Nb5 Raa8 35. Bxd6 Qb7+ 36. f3 Bg7 37. Qb3 Rd7 38. Qe3 Re8 39. Be5 Rxd2+ 40. Rxd2 Qc6 41. Qg5 Qb7 42. Nc7 1-0

[Event "Madrid-chT 1819"]
[Site "Madrid"]
[Date "2019.02.09"]
[Round "9.4"]
[White "Sanchez Gonzalez, Sergio"]
[Black "Gonzalez Tedin, Antonio"]
[Result "1-0"]
[WhiteElo "2288"]
[BlackElo "2136"]
[PlyCount "69"]
[EventDate "2018.11.17"]
[EventType "team-tourn"]
[EventRounds "14"]
[EventCountry "ESP"]
[SourceTitle "CBM 189 Extra"]
[Source "ChessBase"]
[SourceDate "2019.06.03"]
[SourceVersion "1"]
[SourceVersionDate "2019.06.03"]
[SourceQuality "1"]
[WhiteTeam "Liberty Chess"]
[BlackTeam "San Sebastian de los Reyes"]
[WhiteTeamCountry "ESP"]
[BlackTeamCountry "ESP"]

1. Nf3 Nf6 2. c4 c5 3. g3 b6 4. Bg2 Bb7 5. 0-0 g6 6. Nc3 Bg7 7. Re1 0-0 8. e4 d6 9. d4 cxd4 10. Nxd4 Qd7 11. h3 Nc6 12. Be3 Rfc8 13. b3 Nxd4 14. Bxd4 Bc6 15. Qd3 Qb7 16. b4 e5 17. Be3 Bd7 18. Rac1 Be6 19. Nd5 Nxd5 20. exd5 Bf5 21. Qd2 Qa6 22. c5 bxc5 23. bxc5 dxc5 24. Bxc5 Rab8 25. Be7 Rxc1 26. Rxc1 Rc8 27. d6 Rxc1+ 28. Qxc1 h5 29. Qc7 Qa4 30. Kh2 Qd4 31. Qc6 e4 32. Qe8+ Kh7 33. Qxf7 h4 34. Bxh4 Kh6 35. Qe7 1-0

[Event "Madrid-chT 1819"]
[Site "Madrid"]
[Date "2019.01.27"]
[Round "7.4"]
[White "Martin Duque, Jesus"]
[Black "Gonzalez Tedin, Antonio"]
[Result "1-0"]
[WhiteElo "2365"]
[BlackElo "2136"]
[PlyCount "51"]
[EventDate "2018.11.17"]
[EventType "team-tourn"]
[EventRounds "14"]
[EventCountry "ESP"]
[SourceTitle "CBM 189 Extra"]
[Source "ChessBase"]
[SourceDate "2019.06.03"]
[SourceVersion "1"]
[SourceVersionDate "2019.06.03"]
[SourceQuality "1"]
[WhiteTeam "Collado Villalba"]
[BlackTeam "San Sebastian de los Reyes"]
[WhiteTeamCountry "ESP"]
[BlackTeamCountry "ESP"]

1. Nf3 Nf6 2. c4 c5 3. Nc3 g6 4. e4 Nc6 5. d4 cxd4 6. Nxd4 d6 7. Be2 Nxd4 8. Qxd4 Bg7 9. Be3 0-0 10. Qd2 a5 11. 0-0 a4 12. Bd4 Be6 13. f4 Qa5 14. Rad1 Rfc8 15. b3 axb3 16. axb3 Nd7 17. Bxg7 Kxg7 18. f5 gxf5 19. exf5 Bxf5 20. Qd4+ f6 21. Nd5 Be6 22. Bg4 Bxd5 23. Bxd7 Bc6 24. Bxc8 Rxc8 25. Rde1 Re8 26. Rxe7+ 1-0

[Event "Madrid Oliver Gonzalez Memorial 1st"]
[Site "Madrid"]
[Date "2010.10.11"]
[Round "3"]
[White "Molina Garcia, Francisco Javier"]
[Black "Gonzalez Tedin, Antonio"]
[Result "0-1"]
[WhiteElo "1861"]
[BlackElo "2156"]
[PlyCount "62"]
[EventDate "2010.10.09"]
[EventType "swiss"]
[EventRounds "9"]
[EventCountry "ESP"]
[SourceTitle "CBM 138 Extra"]
[Source "ChessBase"]
[SourceDate "2010.10.29"]
[SourceVersion "1"]
[SourceVersionDate "2010.10.29"]
[SourceQuality "1"]

1. e4 e6 2. d3 d5 3. Nd2 c5 4. g3 Bd6 5. Bg2 Ne7 6. Ngf3 Nbc6 7. 0-0 0-0 8. Nh4 b6 9. f4 f5 10. Re1 Bc7 11. exf5 exf5 12. Nhf3 Qd6 13. Ng5 h6 14. Ngf3 Bb7 15. d4 Rae8 16. dxc5 bxc5 17. c4 d4 18. Ne5 Ba8 19. Nxc6 Bxc6 20. Nf3 Ng6 21. Rxe8 Rxe8 22. Bd2 a5 23. Qc2 Be4 24. Qa4 Rb8 25. Bxa5 Bxa5 26. Qxa5 Rxb2 27. a4 Nxf4 28. gxf4 Qxf4 29. Qd8+ Kh7 30. Rf1 Qe3+ 31. Kh1 Qe2 0-1

[Event "Parla op 25th"]
[Site "Parla"]
[Date "2010.09.12"]
[Round "9"]
[White "Cano Cabanillas, Javier"]
[Black "Gonzalez Tedin, Antonio"]
[Result "0-1"]
[WhiteElo "1955"]
[BlackElo "2156"]
[PlyCount "34"]
[EventDate "2010.09.04"]
[EventType "swiss"]
[EventRounds "9"]
[EventCountry "ESP"]
[SourceTitle "CBM 138 Extra"]
[Source "ChessBase"]
[SourceDate "2010.10.29"]
[SourceVersion "1"]
[SourceVersionDate "2010.10.29"]
[SourceQuality "1"]

1. e4 e6 2. d4 d5 3. Nc3 Nf6 4. e5 Nfd7 5. f4 c5 6. Nf3 Nc6 7. Be3 a6 8. Qd2 b5 9. Qf2 Qb6 10. Ne2 Bb7 11. dxc5 Bxc5 12. Bxc5 Nxc5 13. Ng3 Rc8 14. Nd4 Qa5+ 15. c3 Nxd4 16. b4 Qa3 17. bxc5 Qxc3+ 0-1

[Event "Parla op 25th"]
[Site "Parla"]
[Date "2010.09.06"]
[Round "6"]
[White "Gonzalez Tedin, Antonio"]
[Black "Rubio Mejia, Luis Ignacio"]
[Result "0-1"]
[WhiteElo "2156"]
[BlackElo "2373"]
[PlyCount "66"]
[EventDate "2010.09.04"]
[EventType "swiss"]
[EventRounds "9"]
[EventCountry "ESP"]
[SourceTitle "CBM 138 Extra"]
[Source "ChessBase"]
[SourceDate "2010.10.29"]
[SourceVersion "1"]
[SourceVersionDate "2010.10.29"]
[SourceQuality "1"]

1. c4 e5 2. g3 Nf6 3. Bg2 Nc6 4. Nc3 Bb4 5. Nd5 Bc5 6. e3 Nxd5 7. cxd5 Ne7 8. Ne2 c6 9. Nc3 0-0 10. 0-0 h6 11. d4 exd4 12. exd4 Bb4 13. Qb3 a5 14. a3 Bxc3 15. bxc3 a4 16. Qa2 Nxd5 17. Bxd5 cxd5 18. Qxd5 Ra5 19. Qd6 Ra6 20. Qd5 d6 21. Bf4 Qc7 22. Rac1 Be6 23. Qf3 Bc4 24. Rfe1 b5 25. Re3 g5 26. Bxg5 hxg5 27. Qf6 Qd8 28. Re7 d5 29. Qxg5+ Rg6 30. Qe3 Qd6 31. Re1 Qxa3 32. h4 Qd6 33. h5 Rg7 0-1

[Event "Parla op 25th"]
[Site "Parla"]
[Date "2010.09.06"]
[Round "3"]
[White "Lozano Sanchez, Jose Antonio"]
[Black "Gonzalez Tedin, Antonio"]
[Result "1/2-1/2"]
[WhiteElo "1912"]
[BlackElo "2156"]
[PlyCount "80"]
[EventDate "2010.09.04"]
[EventType "swiss"]
[EventRounds "9"]
[EventCountry "ESP"]
[SourceTitle "CBM 138 Extra"]
[Source "ChessBase"]
[SourceDate "2010.10.29"]
[SourceVersion "1"]
[SourceVersionDate "2010.10.29"]
[SourceQuality "1"]

1. e4 e6 2. Nf3 c5 3. Bc4 a6 4. a4 Nc6 5. Nc3 Nf6 6. d3 d5 7. exd5 exd5 8. Bb3 Be7 9. h3 0-0 10. Bf4 h6 11. 0-0 Be6 12. Ne2 b5 13. axb5 axb5 14. c3 Qb6 15. Qd2 b4 16. Rxa8 Rxa8 17. c4 Na5 18. Qc2 d4 19. Ra1 Ra7 20. Ba4 Nc6 21. b3 Bf5 22. Re1 Bf8 23. Ng3 Bh7 24. Ne5 Nxe5 25. Bxe5 Re7 26. Re2 Qd8 27. f3 Nd7 28. Bxd7 Qxd7 29. Kf2 Qe8 30. Bf4 g5 31. Bc1 Rxe2+ 32. Qxe2 Qxe2+ 33. Kxe2 f5 34. Nh1 Bd6 35. Nf2 Kf7 36. g4 Ke6 37. Bd2 Bg6 38. Bc1 Be7 39. Bd2 h5 40. Bc1 h4 1/2-1/2

[Event "La Coruna TH op"]
[Site "La Coruna"]
[Date "1995.??.??"]
[Round "1"]
[White "Gonzalez Tedin, Antonio"]
[Black "Damljanovic, Branko"]
[Result "0-1"]
[WhiteElo "2025"]
[BlackElo "2555"]
[PlyCount "82"]
[EventDate "1995.07.??"]
[EventType "swiss"]
[EventRounds "9"]
[EventCountry "ESP"]
[SourceTitle "EXT 1997"]
[Source "ChessBase"]
[SourceDate "1996.11.15"]
[SourceVersion "1"]
[SourceVersionDate "1996.11.15"]
[SourceQuality "1"]

1. e4 c5 2. Nf3 d6 3. Bb5+ Nc6 4. 0-0 Bd7 5. c3 a6 6. Ba4 Nf6 7. Re1 b5 8. Bc2 e5 9. d4 cxd4 10. cxd4 Bg4 11. d5 Nd4 12. Nbd2 Nxc2 13. Qxc2 Be7 14. h3 Bd7 15. Nf1 0-0 16. Ng3 Ne8 17. Nh2 g6 18. Be3 Ng7 19. Rad1 Rc8 20. Qd2 f5 21. exf5 gxf5 22. f4 Bf6 23. Nf3 e4 24. Nd4 Qe8 25. Qa5 Ra8 26. Rc1 Bd8 27. Qb4 Rf6 28. Red1 Rg6 29. Nf1 Nh5 30. Qe1 Qf7 31. Nb3 a5 32. Qf2 a4 33. Na1 Nf6 34. Qd2 h5 35. Nc2 Ba5 36. Qd4 Kh7 37. Na3 Rag8 38. Rc2 Qg7 39. g3 Rxg3+ 40. Kh1 Rxh3+ 41. Nh2 Qg3 0-1